Countries by Volcanoes Quiz Stats

 Plays Quiz Updated Oct 13, 2016

Challenge
Share
Tweet
Embed
Score 0/29 Timer 09:00
6 Plays Today
Volcano Country % Correct
Fuji, Sakura-jima, UnzenJapan
87.3%
Etna, Stromboli, VesuviusItaly
85%
Eyjafjallajokull, Grímsvötn, HeklaIceland
76.7%
Kilauea, Redoubt, St. HelensUnited States of America
73.1%
Colima, El Chichón, PopocatépetlMexico
63.7%
San Miguel, San Salvador, Santa AnaEl Salvador
58%
Krakatau, Merapi, Tambora, Indonesia
53.8%
La Palma, Lanzarote, Tenerife Spain (Canary Islands)
51.4%
Methana, Nisyros, SantoriniGreece
48.7%
Chaitén, Llaima, Villarrica Chile
44.6%
Pelée, Pitón de la Fournaise, Soufrière GuadeloupeFrance (territories)
38.9%
Bezymianny, Karymsky, KizimenRussia
38.4%
Home Reef, Hunga Tonga-Hunga Haʻapai, TofuaTonga
37%
Aracar, Copahue, Planchón-PeteroaArgentina
35.2%
Galeras, Nevado del Huila, Nevado del RuizColombia
32.8%
Volcano Country % Correct
Mayon, Pinatubo, TaalPhilippines
32.2%
Fayal, San Jorge (São Jorge), TerceiraPortugal (Azores)
30.7%
Raoul, Ruapehu, WhakaariNew Zealand
30%
Arenal, Irazú, PoásCosta Rica
24.2%
Cerro Negro, Concepción, San CristóbalNicaragua
23.9%
Fuego, Pacaya, Santa MaríaGuatemala
22.7%
Sabancaya, Ubinas, YucamanePeru
20.6%
Adwa, Dabbahu, Erta AleEthiopia
19.2%
Reventador, Sangay, TungurahuaEcuador
18.9%
Nyamuragira, Nyriagongo, VisokeDemocratic Republic of the Congo
16.1%
Montagu, Soufrière Hills, ZavodovskiUnited Kingdom (territories)
15.1%
Pago, Rabaul, UlawunPapua New Guinea
14.2%
East Epi, Lopevi, YasurVanuatu
10.4%
Kavachi, Savo, TinakulaSolomon Islands
8.9%

You're not logged in!

Compare scores with friends on all Sporcle quizzes.
Join for Free
OR
Log In

You Might Also Like...

Show Comments

Extras

Top Quizzes Today


Score Distribution

Your Account Isn't Verified!

In order to create a playlist on Sporcle, you need to verify the email address you used during registration. Go to your Sporcle Settings to finish the process.

Report this User

Report this user for behavior that violates our Community Guidelines.

Details: